| 000 | 00375nam a22001457a 4500 | ||
|---|---|---|---|
| 020 | _a8178084902 | ||
| 040 | _cNUST | ||
| 082 |
_a658.1 _bHAL |
||
| 100 |
_aRichard H. Hall _9125291 |
||
| 245 |
_aOrganizations _bStructures, Processes, and Outcomes |
||
| 250 | _aSeventh Edition | ||
| 260 |
_aIndia: _bPearson Education, _c2001. |
||
| 650 | _2Organizations | ||
| 942 |
_2ddc _cBK |
||
| 999 |
_c611053 _d611053 |
||